Quantum Fields in Curved Space

Αποθηκεύτηκε σε:
Λεπτομέρειες βιβλιογραφικής εγγραφής
Κύριος συγγραφέας: Birrell, N. D.
Άλλοι συγγραφείς: Davies, P. C. W.
Μορφή: Βιβλίο
Γλώσσα:English
Δημοσίευση: Cambridge ; New York : Cambridge University Press, 1992
Έκδοση:1st ed., Repr.
Σειρά:Cambridge monographs on mathematical physics
Θέματα:
Ετικέτες: Προσθήκη ετικέτας
Δεν υπάρχουν, Καταχωρήστε ετικέτα πρώτοι!

MARC

LEADER 00000nam a2200000 i 4500
001 1/39301
008 950201s1992 eng d
020 |a 0-521-27858-9 
035 |a 1995  |c ΚΩΤΣΑΚΗΣ  |l 10040976 
040 |a GR-MY-UA  |b gre  |e aacr 
041 0 |a eng 
082 0 |a 530.143 
100 1 |a Birrell, N. D. 
245 1 0 |a Quantum Fields in Curved Space /  |c N. D. Birrell and P.C.W. Davies 
250 |a 1st ed., Repr. 
260 |a Cambridge ; New York :   |b Cambridge University Press,   |c 1992 
300 |a ix, 340 p.;  |b ill.;  |c 23 cm. 
490 1 |a Cambridge monographs on mathematical physics 
500 |a Includes bibliographical references and index 
650 0 0 |a Quantum field theory. 
650 0 0 |a Gravitation. 
650 0 0 |a Astrophysics. 
700 1 |a Davies, P. C. W. 
830 0 |a Cambridge monographs on mathematical physics 
852 |a INST  |b SAMOS  |e 19950201  |h 530.143 BIR  |p 005300006028  |q 005300006028  |t BK  |y 0 
909 |a Σ  |b 038695